Eduardo Rosales / (Record no. 192762)

MARC details
000 -LEADER
campo de control de longitud fija 01361nam a2200385 i 4500
001 - NÚMERO DE CONTROL
campo de control 192762
003 - IDENTIFICADOR DE NÚMERO DE CONTROL
campo de control SpMaBN
005 - FECHA Y HORA DE LA ÚLTIMA TRANSACCIÓN
campo de control 20250825062727.0
008 - DATOS DE LONGITUD FIJA--INFORMACIÓN GENERAL
campo de control de longitud fija 230521s2020 sp a | |||| 000 0bspa
017 ## - NÚMERO DE COPYRIGHT O DE DEPÓSITO LEGAL
Número de copyright o de depósito legal M 18700-2020
Agencia que asigna Oficina Depósito Legal Madrid
020 ## - NÚMERO INTERNACIONAL ESTÁNDAR DEL LIBRO
Número Internacional Estándar del Libro 9788409221660
040 ## - FUENTE DE CATALOGACIÓN
Centro catalogador/agencia de origen SpMaBN
Lengua de catalogación spa
Centro/agencia transcriptor ES-MaACL
Normas de descripción rda
080 ## - NÚMERO DE LA CLASIFICACIÓN DECIMAL UNIVERSAL
Número de la Clasificación Decimal Universal 929 Rosales, Eduardo
080 ## - NÚMERO DE LA CLASIFICACIÓN DECIMAL UNIVERSAL
Número de la Clasificación Decimal Universal 75 Rosales, Eduardo
100 1# - ENTRADA PRINCIPAL--NOMBRE DE PERSONA
Nombre de persona Rubio Gil, Luis
Término indicativo de función/relación Autor
9 (RLIN) 100414
245 10 - MENCIÓN DEL TÍTULO
Título Eduardo Rosales /
Mención de responsabilidad, etc. Luis Rubio Gil, [Ignacio Martín Cárdenas]
246 14 - FORMA VARIANTE DEL TITULO
Título propio/Titulo breve Vida y obra del pintor Eduardo Rosales
264 #1 - PRODUCCIÓN, PUBLICACIÓN, DISTRIBUCIÓN, FABRICACIÓN Y COPYRIGHT
Producción, publicación, distribución, fabricación y copyright [Madrid] :
Nombre del de productor, editor, distribuidor, fabricante Molina,
Fecha de producción, publicación, distribución, fabricación o copyright [2020]
300 ## - DESCRIPCIÓN FÍSICA
Extensión 122 páginas :
Otras características físicas ilustraciones (color) ;
Dimensiones 24 cm
336 ## - TIPO DE CONTENIDO
Término de tipo de contenido Texto
-- Imagen fija
Fuente rdacontent
337 ## - TIPO DE MEDIO
Nombre/término del tipo de medio sin mediación
Fuente rdamedia
338 ## - TIPO DE SOPORTE
Nombre/término del tipo de soporte volumen
Fuente rdacarrier
500 ## - NOTA GENERAL
Nota general Índice
504 ## - NOTA DE BIBLIOGRAFÍA, ETC.
Nota de bibliografía, etc. Bibliografía: páginas 112-118
600 14 - PUNTO DE ACCESO ADICIONAL DE MATERIA--NOMBRE DE PERSONA
Nombre de persona Rosales, Eduardo,
Fechas asociadas al nombre 1836-1873
9 (RLIN) 99638
655 #7 - TERMINO DE INDIZACIÓN--GENERO/FORMA
Datos o término principal de género/forma Libros ilustrados
Fuente del término tgfbne
9 (RLIN) 193653
655 #0 - TERMINO DE INDIZACIÓN--GENERO/FORMA
Datos o término principal de género/forma Biografías
9 (RLIN) 176647
700 1# - ENTRADA AGREGADA--NOMBRE PERSONAL
Nombre de persona Rosales, Eduardo,
Fechas asociadas al nombre 1836-1873
Término indicativo de función/relación Artista
9 (RLIN) 99638
700 1# - ENTRADA AGREGADA--NOMBRE PERSONAL
Nombre de persona Martín Cárdenas, Ignacio,
Fechas asociadas al nombre 1972-
Término indicativo de función/relación Autor
9 (RLIN) 235476
852 ## - LOCALIZACIÓN
Ubicación Es-MaACL
Sublocalización o colección R.152943
Ubicación en estantería Depósito J
Donativo/Legado Donación: Luis Rubio Gil
Número de control de estantería N-8400
itemnumber 200061
903 ## - NOMBRE PERSONAL DE DONANTE
9 100414
a Rubio Gil, Luis
e Donante
942 ## - ELEMENTOS DE ENTRADA SECUNDARIOS (KOHA)
Tipo de ítem Koha Libro impreso
Suprimir en OPAC No
Holdings
Estatus retirado Estado de pérdida Fuente del sistema de clasificación o colocación Estado de daño No para préstamo Biblioteca de origen Biblioteca actual Ubicación en estantería Fecha de adquisición Fuente de adquisición Total de préstamos Signatura topográfica completa Código de barras Visto por última vez Tipo de ítem Koha
    Clasificación decimal universal     Biblioteca del Ateneo de Madrid Biblioteca del Ateneo de Madrid Depósito J 01/08/2020 Donación   N-8400 101205336 21/05/2023 Libro impreso